00611nam a2200217Ia 4500003000400000005001700004008004100021020001800062040001800080041000800098082002100106100001500127245003800142250001200180260004400192300003400236650002500270650004100295650003000336650002700366OSt20220621144921.0210716s2010 xx 000 0 und d a9788131732212 cAIMIT LIBRARY aeng a511.42 21bRAMB aRam, Babu. aNumerical methods /cBy Babu Ram. a1st ed. aNew Delhi :bPearson Education ,c2010. avii,447,A-48, I-2p. ;c24 cm. aNon linear equations aFinite differences and interpolation aNumerical differentiation aElements of c language